Statistics for How Fast Can You Type M O N G O L I A

Click here to take the quiz!

General Stats

  • This quiz has been taken 10 times
  • The average score is 53 of 96

Answer Stats

Mongolia% Correct
A
100%
G
100%
I
100%
L
100%
M
100%
N
100%
O
100%
O
100%
A
86%
A
86%
G
86%
G
86%
I
86%
I
86%
L
86%
L
86%
M
86%
M
86%
M
86%
N
86%
N
86%
O
86%
O
86%
O
86%
O
86%
O
86%
G
71%
N
71%
A
57%
A
57%
A
57%
A
57%
A
57%
G
57%
G
57%
G
57%
G
57%
I
57%
I
57%
I
57%
I
57%
I
57%
L
57%
L
57%
L
57%
L
57%
L
57%
M
57%
M
57%
M
57%
M
57%
M
57%
N
57%
N
57%
N
57%
N
57%
N
57%
O
57%
O
57%
O
57%
O
57%
O
57%
O
57%
O
57%
O
57%
O
57%
O
57%
A
43%
G
43%
G
43%
I
43%
L
43%
M
43%
N
43%
O
43%
O
43%
A
29%
I
29%
L
29%
M
29%
O
29%
G
14%
I
14%
L
14%
N
14%
O
14%
O
14%
A
0%
A
0%
G
0%
I
0%
L
0%
M
0%
N
0%
O
0%
O
0%

Score Distribution

Percentile by Number Answered

Percent of People with Each Score

Your Score History

You have not taken this quiz